000 00805nam a2200241Ia 4500
003 GCL
005 20240530101823.0
008 140319s9999 xx 000 0 ara d
040 _aGCL /
_cGCL
082 0 4 _a346.04
_bم م
100 1 _aمعوض عبدالتواب
245 1 0 _aالمستحدث فى قضاء الايجارات احكام الايجار فى سبعة عشر عاما 1975\1992 /
_cمعوض عبدالتواب
260 _a[S.N] :
_bدار المطبوعات الجامعية ،
_c1993
300 _a584 ص
650 0 4 _aالقانون
650 0 4 _aالايجارات
650 0 4 _aالعقود
650 0 4 _aقوانين وتشريعات
650 0 4 _aالملكية
650 0 4 _aعقود الايجار
650 0 4 _aالمالك والمستاجر
942 _2ddc
_cBK
999 _c27938
_d27938